| 000 | 00581nam a22001937a 4500 | ||
|---|---|---|---|
| 999 |
_c18849 _d18849 |
||
| 003 | AR-CdUCM | ||
| 008 | 190515b ||||| |||| 00| 0 spa d | ||
| 040 |
_aMUNICIPALIDAD PROVINCIAL DEL CUSCO _cBIBLIOTECA MUNICIPAL DEL CUSCO |
||
| 082 |
_a869.5601 / _bM42 |
||
| 100 |
_aMendoza Borda, Gloria. _914954 |
||
| 245 | _aLos grillos se tomaron tu cimbre / | ||
| 260 |
_aCusco : _bVeloz, _c1971. |
||
| 300 |
_a48 páginas ; _c19 cm. |
||
| 500 | _aCuentos. | ||
| 650 |
_aLiteratura Cusqueña. _97280 |
||
| 650 |
_aCuentos. _939716 |
||
| 942 |
_2ddc _cLIBROS |
||
| 945 |
_arum _d2019-05-15 |
||